000 00542nmm a2200193Ia 4500
008 251105s9999||||xx |||||||||||||||||und||
020 _a9788475226804
041 _aspa
100 _aSilva, Alberto
245 0 _aEl libro del haiku :
_b Antología
264 _a[Madrid, España] :
_bVisor Libros,
_c2008
300 _a480 páginas
490 _aVisor de Poesía
650 _aLatin American poetry
700 _aSilva, Alberto
700 1 _a Silva, Alberto
856 _uhttps://public.digitaliapublishing.com/a/41302
942 _cCF
999 _c71445
_d71445